| 000 | 00814nam a22002057a 4500 | ||
|---|---|---|---|
| 999 |
_c9580 _d9580 |
||
| 003 | AR-CdUCM | ||
| 008 | 190328b ||||| |||| 00| 0 spa d | ||
| 040 |
_aMUNICIPALIDAD PROVINCIAL DEL CUSCO _cBIBLIOTECA MUNICIPAL DEL CUSCO |
||
| 082 |
_a335.4585 / _bV718 / 1967 |
||
| 100 |
_aVillanueva Valencia, Víctor _98543 |
||
| 245 | _aHugo Blanco y la rebelión campesina / | ||
| 260 |
_aLima : _bEdit. Juan Mejía Baca, _c1967. |
||
| 300 |
_a197 páginas ; _c24 cm. |
||
| 505 | _aContenido: Estructura agraria en el Perú -- La hacienda serrana -- Relaciones de trabajo en el campo -- Consecuencias del sistema de explotación -- La lucha por la tierra... | ||
| 650 |
_aCampesinos _94401 |
||
| 650 |
_aCondiciones sociales _943873 |
||
| 650 |
_aCondiciones económicas _91989 |
||
| 942 |
_2ddc _cLIBROS |
||
| 945 | _adavv | ||